Genetics, genomics and breeding of sunflower (Record no. 11709)

MARC details
000 -LEADER
fixed length control field 01878cam a2200385Ia 4500
001 - CONTROL NUMBER
control field SCP0NE10439PDF
003 - CONTROL NUMBER IDENTIFIER
control field BD-DhSAU
005 - DATE AND TIME OF LATEST TRANSACTION
control field 20151012144305.0
006 - FIXED-LENGTH DATA ELEMENTS--ADDITIONAL MATERIAL CHARACTERISTICS
fixed length control field m|||||o||d||||||||
007 - PHYSICAL DESCRIPTION FIXED FIELD--GENERAL INFORMATION
fixed length control field cr||||
008 - FIXED-LENGTH DATA ELEMENTS--GENERAL INFORMATION
fixed length control field 110518s2010 nhuadf sb 001 0 eng d
020 ## - INTERNATIONAL STANDARD BOOK NUMBER
International Standard Book Number 9781439840498 (ebook : PDF)
040 ## - CATALOGING SOURCE
Original cataloging agency BD-DhSAU
Transcribing agency BD-DhSAU
090 ## - LOCALLY ASSIGNED LC-TYPE CALL NUMBER (OCLC); LOCAL CALL NUMBER (OCLC)
Classification number (OCLC) (R) ; Classification number, CALL (RLIN) (NR) QK495.C74
Local cutter number (OCLC) ; Book number/undivided call number, CALL (RLIN) G445 2010
092 ## - LOCALLY ASSIGNED DEWEY CALL NUMBER (OCLC)
Classification number 635.93399
Item number G328
245 00 - TITLE STATEMENT
Title Genetics, genomics and breeding of sunflower
Medium [electronic resource] /
Statement of responsibility, etc. editors, Jinguo Hu, Gerald Seiler, Chittaranjan Kole.
260 ## - PUBLICATION, DISTRIBUTION, ETC. (IMPRINT)
Place of publication, distribution, etc. Enfield, N.H. :
Name of publisher, distributor, etc. Science Publishers ;
Place of publication, distribution, etc. Boca Raton, Fla. :
Name of publisher, distributor, etc. Marketed and distributed by CRC Press,
Date of publication, distribution, etc. c2010.
300 ## - PHYSICAL DESCRIPTION
Extent xxix, 335 p., [6] p. of plates :
Other physical details ill. (some col.).
490 1# - SERIES STATEMENT
Series statement Genetics, genomics and breeding of crop plants
504 ## - BIBLIOGRAPHY, ETC. NOTE
Bibliography, etc Includes bibliographical references and index.
505 0# - FORMATTED CONTENTS NOTE
Formatted contents note 1. Basic information -- 2. Classic genetics and breeding -- 3. Genetic linkage maps : strategies, resources and achievements -- 4. Mapping and tagging of simply inherited traits -- 5. Molecular mapping of complex traits -- 6. Gene cloning and characterization -- 7. Molecular breeding -- 8. Oil composition variations -- 9. Transgenic sunflower -- 10. Future prospects.
530 ## - ADDITIONAL PHYSICAL FORM AVAILABLE NOTE
Additional physical form available note Also available in print edition.
538 ## - SYSTEM DETAILS NOTE
System details note Mode of access: World Wide Web.
650 #0 - SUBJECT ADDED ENTRY--TOPICAL TERM
Topical term or geographic name as entry element Sunflowers
General subdivision Genetics.
650 #0 - SUBJECT ADDED ENTRY--TOPICAL TERM
Topical term or geographic name as entry element Sunflowers
General subdivision Genome mapping.
650 #0 - SUBJECT ADDED ENTRY--TOPICAL TERM
Topical term or geographic name as entry element Sunflowers
General subdivision Breeding.
655 #7 - INDEX TERM--GENRE/FORM
Genre/form data or focus term Electronic books.
Source of term lcsh
700 1# - ADDED ENTRY--PERSONAL NAME
Personal name Hu, Jinguo.
700 1# - ADDED ENTRY--PERSONAL NAME
Personal name Seiler, Gerald J.,
Dates associated with a name 1949-
700 1# - ADDED ENTRY--PERSONAL NAME
Personal name Kole, Chittaranjan.
776 1# - ADDITIONAL PHYSICAL FORM ENTRY
International Standard Book Number 9781578086764
776 1# - ADDITIONAL PHYSICAL FORM ENTRY
International Standard Book Number 1578086760
830 #0 - SERIES ADDED ENTRY--UNIFORM TITLE
Uniform title Genetics, genomics and breeding of crop plants.
856 40 - ELECTRONIC LOCATION AND ACCESS
Uniform Resource Identifier <a href="http://marc.crcnetbase.com/isbn/9781439840498">http://marc.crcnetbase.com/isbn/9781439840498</a>
Electronic format type application/PDF

No items available.